|
|
|
|
| LEADER |
00000naa2a2200000 4500 |
| 001 |
207738 |
| 005 |
20231031191240.0 |
| 035 |
|
|
|a (RuTPU)RU\TPU\book\226682
|
| 035 |
|
|
|a RU\TPU\book\226676
|
| 090 |
|
|
|a 207738
|
| 100 |
|
|
|a 20120127d1969 k y0rusy50 ca
|
| 101 |
0 |
|
|a rus
|
| 102 |
|
|
|a RU
|
| 200 |
1 |
|
|a Фотометрические исследования начальных стадий импульсного разряда в длинных трубках
|f Н. И. Винокуров, В. Н. Костин
|
| 225 |
1 |
|
|a Исследование импульсных ламп и явлений в импульсном разряде
|
| 320 |
|
|
|a Библиогр.: с. 150 (9 назв.)
|
| 461 |
|
0 |
|0 (RuTPU)RU\TPU\book\226521
|t Импульсная фотометрия
|o [сборник статей]
|f Государственный оптический институт им. С. И. Вавилова ; под ред. А. А. Волькенштейна
|d 1969-
|
| 463 |
|
0 |
|0 (RuTPU)RU\TPU\book\226523
|t Вып. 1
|v С. 144-150
|d 1969
|p 152 с.
|
| 700 |
|
1 |
|a Винокуров
|b Н. И.
|
| 701 |
|
1 |
|a Костин
|b В. Н.
|
| 801 |
|
1 |
|a RU
|b 63413507
|c 20120127
|
| 801 |
|
2 |
|a RU
|b 63413507
|c 20120127
|g RCR
|
| 942 |
|
|
|c BK
|